|
|
|
|
| LEADER |
01054nam a22003017a 4500 |
| 001 |
mzk03001189409 |
| 003 |
CZ BrMZK |
| 005 |
20240702150750.0 |
| 007 |
ta |
| 008 |
041020s1728 gw a fr|||||00| ||gerod |
| 040 |
|
|
|a BOA001
|b cze
|c BOA001
|
| 041 |
1 |
|
|a ger
|h lat
|
| 072 |
|
7 |
|a 094
|x Staré tisky
|2 Konspekt
|9 12
|
| 080 |
|
|
|a (0.068)094
|2 MRF
|
| 100 |
1 |
|
|a Pinelli, Luca,
|d 1542-1607
|7 ola2007365104
|4 aut
|
| 245 |
1 |
0 |
|a Von der Clösterlichen Vollkommenheit, Vier Bücher ... Anjetzo das dritte mahl. Aus der Lateinische Dollmetschung in das hohe Teutsche zier-deutlich übersetzt, ... Von ... Hieron. Ambros. Langenmantel, ...
|
| 260 |
|
|
|a Augspurg :
|b i.V.Mathias Wolff,
|c 1728
|
| 300 |
|
|
|a [12], 602 s. ;
|c 8°
|
| 655 |
|
7 |
|a staré tisky
|7 fd422076
|2 czenas
|
| 700 |
1 |
|
|a Langenmantel, Hieronymus Ambrosius,
|d 1641-1718
|7 ola2007364636
|4 trl
|
| 903 |
|
|
|a RP
|
| 910 |
|
|
|a SVE950
|b MT
|
| 978 |
|
|
|b Wolff, Matthias
|a Augsburg
|c 1728
|
| 984 |
|
|
|a Augsburg
|b Německo
|
| 985 |
|
|
|a 1701-1750
|
| 990 |
|
|
|a BK
|
| 991 |
|
|
|k trebova
|
| 980 |
|
|
|g MT-Jg.V.46
|1 4641000985
|